States Ranked by Their Deepest Cave - Statistics

General Stats
  • This quiz has been taken 30 times
  • The average score is 16 of 20
Answer Stats
Depth State % Correct
1205 California
96%
741 Colorado
91%
1306 Utah
91%
1659 Montana
87%
815 South Dakota
87%
831 Idaho
83%
1604 New Mexico
83%
570 Texas
83%
598 Washington
83%
1551 Wyoming
83%
797 Alaska
78%
618 Arizona
78%
521 Missouri
78%
1263 Virginia
78%
3614 Hawaii
74%
580 Oregon
74%
924 Tennessee
74%
603 Alabama
65%
1063 Georgia
65%
737 West Virginia
61%
No matching quizzes found
Score Distribution
Percent of People with Each Score
Percentile by Number Answered
Your Score History
You have not taken this quiz